00441 2200169 4500001002100000008004100021035002000062245005100082100001300133260003200146300001300178020002200191084001400213082000800227650001700235990001900252INLIS000000000003219 ind  a0010-0724003219 aEnsiklopedia Sahabatku Ipa Untuk SmpcSukarman aSukarman aJakarta :bCV Ricardoc2008 a117 hlm. a978-979-3644-26-4 a503 SUK E a503 aEnsiklopedia aP29/CP/24/3219